000 00603nam a22002417a 4500
003 LK-CoDNM
005 20241120150003.0
008 241015b |||||||| |||| 00| 0 eng d
040 _aLK-CoDNM
_dLK-CoDNM
_eLK-CoDNM
041 _aeng
080 _aPM
_bE2.6
100 _a
245 _aThe Maha Bodhi-1936 ( Vol.44 )
_bNo.10
260 _aCulcutta
_bGouranga press
_c1936
300 _b46p. : ill ; 25 cm
500 _aMonthly magazine
650 _aThe Maha Bodhi-1936 ( Vol.44 )
650 _aNo.10
650 _aPM E2.6
650 _a1936
650 _aMonthly magazine
942 _cBK
999 _c231428
_d231428